| 000 | 00886cam a2200313 4500500 | ||
|---|---|---|---|
| 005 | 20260405003606.0 | ||
| 041 | _afre | ||
| 042 | _adc | ||
| 100 | 1 | 0 |
_aEnjalbert, Cédric _eauthor |
| 245 | 0 | 0 | _aRuben Östlund : “Tous les films changent le monde !” |
| 260 | _c2022. | ||
| 500 | _a61 | ||
| 690 | _aCréativité | ||
| 690 | _aDivertissement | ||
| 690 | _aExpérience de pensée | ||
| 690 | _aFestival de Cannes | ||
| 690 | _aFilm | ||
| 690 | _aImage | ||
| 690 | _aLutte des classes | ||
| 690 | _aMarx | ||
| 690 | _aNaufrage | ||
| 690 | _aPouvoir | ||
| 690 | _aRuben Östlund | ||
| 690 | _aRutger Bregman | ||
| 690 | _aSociologie | ||
| 690 | _aSuède | ||
| 786 | 0 | _nPhilosophie magazine | 164 | 11 | 2022-11-01 | p. 21-22 | 1951-1787 | |
| 856 | 4 | 1 | _uhttps://shs.cairn.info/magazine-philosophie-magazine-2022-11-page-21?lang=fr&redirect-ssocas=7080 |
| 999 |
_c2069063 _d2069063 |
||